• 首页
  • 本馆介绍
  • 公告通知
  • 最新文献
  • 馆藏检索
  • 电子资源
  • 读者导购
  • 参考咨询
  • 我的图书馆
  • 登录
  • 详细信息显示
  • 放入我的书架
  • 预约/预借图书
  • 作者相关作品
  • 分类相关作品
  • 丛书相关作品
  • 出版社相关作品

书目信息

  • 表格格式
  • 工作单格式
  • 卡片格式
题名:
历史的细节
    
 
作者: 杜君立 著
分册:  
出版信息: 上海   上海三联书店  2016
页数: 324页
开本: 24cm
丛书名:
单 册:
中图分类: K107 , K207
科图分类:
主题词: 世界史--shi jie shi--研究 , 中国历史--zhong guo li shi--研究
电子资源:
ISBN: 978-7-5426-5584-4
000 00868nam0 22002651 450
001 0118172157
005 20170618172157.0
010    @a978-7-5426-5584-4@b精装@dCNY49.80
100    @a20160918d2016 em y0chiy50 ea
101 0  @achi
102    @aCN@b310000
105    @aa z 000yy
106    @ar
200 1  @a历史的细节@Ali shi de xi jie@e技术、文明与战争@e最新修订纪念版@f杜君立著
210    @a上海@c上海三联书店@d2016
215    @a324页@c图@d24cm
330    @a本书通过对细节碎片的爬梳,揭示了一些普遍性的人类文明发展模式,以及其背后蕴含的技术与物质动因。
517 1  @a技术、文明与战争@Aji shu wen ming yu zhan zheng
606 0  @a世界史@Ashi jie shi@x研究
606 0  @a中国历史@Azhong guo li shi@x研究
690    @aK107@v5
690    @aK207@v5
701  0 @a杜君立@Adu jun li@4著
801  0 @aCN@bTANGWEI@c20170615
905    @b1008663-8@dK107@e254@f6
    
    历史的细节:技术、文明与战争:最新修订纪念版/杜君立著.-上海:上海三联书店,2016
    324页:图;24cm
    
    
    ISBN 978-7-5426-5584-4(精装):CNY49.80
    本书通过对细节碎片的爬梳,揭示了一些普遍性的人类文明发展模式,以及其背后蕴含的技术与物质动因。
●
相关链接 在E读中查询图书 在五车中查询图书 在当当中查询图书 在豆瓣中查询图书


正题名:历史的细节     索取号:K107/254         预约/预借

序号 登录号 条形码 馆藏地/架位号 状态 备注
1 1008663   210086636   第二样本阅览室/ [索取号:K107/254] 在馆    
2 1008664   210086645   教育系资料室/ [索取号:K107/254] 在馆    
3 1008665   210086654   教育系资料室/ [索取号:K107/254] 在馆    
4 1008666   210086663   教育系资料室/ [索取号:K107/254] 在馆    
5 1008667   210086672   第二借阅区/ [索取号:K107/254] 在馆    
6 1008668   210086681   第二借阅区/ [索取号:K107/254] 在馆    
唐山师范学院图书馆 欢迎您!
大连网信软件有限公司© 版权所有